000 00626nam a2200169 i 4500
001 92485
003 ES-MaACL
005 20230906181000.0
007 t|
008 050308s1905 sp ||||1| spa d
100 1 _aLinares Enríquez, Antonio de.
_972348
245 1 0 _aTeoria microbiana|
_b: conferencia leida en la Sociedad Malagueña de Ciencias fisicas y naturales /
_cpor D. Antonio de Linares Enriquez contestando al Dr. D. A.F. Risquer.
260 _aMálaga :
_b[s.n.],
_c1905.
300 _a24 p. ;
_c21 cm.
710 0 _aSociedad Malagueña de Ciencias Físicas y Naturales.
_96789
852 _aES-MaACL
_jT-1045-F-12
999 _c92485
_d92485